000 00357pab a2200145 454500
008 180718b2007 xxu||||| |||| 00| 0 eng d
100 _aDossa, Shiraz
245 _aDevelopment: colonialism, political theory, ethics
260 _c2007
300 _ap.887-99.
650 _aColonialism
773 _aThird World Quarterly
908 _aN
909 _a75213
999 _c75213
_d75213